000 01199nac a22003735a 4500
003 EG-ScBUE
005 20241126094907.0
006 m||||fq||h 00| 0
008 150824t2006 njua f 001 0 eng d
020 _a0131497553
020 _a9780131497559
040 _aEG-Sc BUE
_beng
_erda
_cEG-Sc BUE
_dEG-ScBUE
082 0 4 _a519.5
_bMCC
_222
100 1 _aMcClave, James T.,
_eauthor.
245 1 0 _aStatistics /
_cJames T. McClave, info tech, Inc., University of Florida, Terry Sincich, University of South Florida.
250 _aTenth edition.
264 1 _aUpper Saddle River, New Jersey :
_bPearson Prentice Hall,
_c[2006]
264 4 _cc2006
300 _axxiv, 935 pages :
_billustrations ;
_c26 cm +
_e1 CD
336 _2rdacontent
_atext
_btxt
336 _2rdacontent
_asounds
_bsnd
337 _aunmediated
_2rdamedia
_bn
337 _aaudio
_2rdamedia
_bs
338 _avolume
_bnc
_2rdacarrier
338 _acomputer disc
_bcd
_2rdacarrier
500 _aIncludes index.
590 _aDoha
650 7 _aStatistics.
_2BUEsh
651 _2BUEsh
653 _bENGGEN
_cAugust2015
655 _vReading book
700 _aSincich, Terry,
_eauthor.
942 _cBB
_2ddc
999 _c3554
_d3554